Az Y és Z generáció közösségi média használati szokásai

Bibliográfiai részletek
Szerző: Birnbauer Nóra
További közreműködők: Brávácz Dr Ibolya
Dokumentumtípus: Diplomadolgozat
Kulcsszavak:Közösségi média
Generációk
Közösségi marketing
Online Access:http://dolgozattar.uni-bge.hu/5217

MARC

LEADER 00000nta a2200000 i 4500
001 dolg5217
005 20160727100422.0
008 160502suuuu hu om 000 hun d
040 |a BGE Dolgozattár Repozitórium  |b hun 
041 |a hu 
100 1 |a Birnbauer Nóra 
245 1 3 |a Az Y és Z generáció közösségi média használati szokásai  |c Birnbauer Nóra  |h [elektronikus dokumentum] 
246 1 1 |a Az Y és Z generáció közösségi média használati szokásai 
695 |a Közösségi média  
695 |a Generációk 
695 |a Közösségi marketing 
700 1 |a Brávácz Dr Ibolya  |e ths 
856 4 0 |u http://dolgozattar.uni-bge.hu/5217/1/v%C3%A9gleges%20szakdolgozat%202016.pdf  |z Dokumentum-elérés